Online
Catalog

Albert Einstein : (Record no. 42102)

MARC details
000 -CABECERA
campo de control de longitud fija 00848nam a2200241 a 4500
001 - NÚMERO DE CONTROL
campo de control 000042613
005 - FECHA Y HORA DE LA ÚLTIMA TRANSACCIÓN
campo de control 20201002040256.0
008 - DATOS DE LONGITUD FIJA--INFORMACIÓN GENERAL
campo de control de longitud fija 140131s1983 sp 000 0 spa d
020 ## - NÚMERO INTERNACIONAL ESTÁNDAR DEL LIBRO
Número Internacional Estándar del Libro 8472230759
040 ## - FUENTE DE LA CATALOGACIÓN
Centro catalogador/agencia de origen DO-SdBNP
Lengua de catalogación spa
Centro/agencia transcriptor BNPHU
082 ## - NÚMERO DE LA CLASIFICACIÓN DECIMAL DEWEY
Número de clasificación xxxx
Número de documento/Ítem xxxx
100 1# - ENTRADA PRINCIPAL--NOMBRE DE PERSONA
Nombre de persona Dürrenmatt, Friedrich,
Fechas asociadas al nombre 1921-1990
9 (RLIN) 40731
240 10 - TÍTULO UNIFORME
Título uniforme Albert Einstein, ein Vortrag.
Lenguaje de la obra Espanol
245 10 - MENCIÓN DE TÍTULO
Título Albert Einstein :
Resto del título una conferencia /
Mención de responsabilidad, etc. Friedrich Durrenmatt ; tradicción del alemán de Juan del Solar.
260 ## - PUBLICACIÓN, DISTRIBUCIÓN, ETC.
Lugar de publicación, distribución, etc. Barcelona, España :
Nombre del editor, distribuidor, etc. Tusquets Editores,
Fecha de publicación, distribución, etc. 1983.
300 ## - DESCRIPCIÓN FÍSICA
Extensión 60 p. ;
Dimensiones 19 cm.
490 1# - MENCIÓN DE SERIE
Mención de serie Marginales ;
Designación de volumen o secuencia 75 ;
500 ## - NOTA GENERAL
Nota general Incluye datos biográficos del autor en las solapas
500 ## - NOTA GENERAL
Nota general Traducido del idimo Alemán.
590 ## - NOTA LOCAL (RLIN)
Nota local Inventariado, 2019/ YL
700 12 - PUNTO DE ACCESO ADICIONAL--NOMBRE DE PERSONA
Nombre de persona Solar, Juan del
Término indicativo de función/relación tr.
9 (RLIN) 69864
830 #0 - PUNTO DE ACCESO ADICIONAL DE SERIE-TÍTULO UNIFORME
Título uniforme Marginales
Número de parte o sección de la obra 75
9 (RLIN) 69865
Holdings
Estado de retiro Estado de pérdida Restricciones de uso No para préstamo Código de colección Localización permanente Ubicación/localización actual Ubicación en estantería Fecha de adquisición Número de inventario Total de préstamos Signatura topográfica completa Código de barras Fecha visto por última vez Precio válido a partir de Tipo de ítem Koha
      Excluido de préstamo Monografías: Libros y Folletos General General En catalogación 31.01.2014 LF1   xxxx xxxx 42613-10 25.06.2020 25.06.2020 No se presta

Powered by Koha